| 000 | 00674nam a22002177a 4500 | ||
|---|---|---|---|
| 999 |
_c216523 _d216523 |
||
| 005 | 20260330113053.0 | ||
| 008 | 260330b ||||| |||| 00| 0 eng d | ||
| 020 | _a9780763741402 | ||
| 040 |
_aLC _cUNZA _eRDA |
||
| 050 |
_aRC 382 _bLIE 2003 |
||
| 100 |
_aLieberman, Abraham _eauthor |
||
| 245 |
_a100 questions & answers about Parkinson disease / _cAbraham Lieberman, MD, with Marcia McCall. |
||
| 260 |
_aBoston : _bJones and Bartlett Publishers, _c2003. |
||
| 300 |
_axiv, 238 pages : _billustrations. |
||
| 336 | _aText | ||
| 337 | _aUnmediated | ||
| 338 | _aVolume | ||
| 504 | _aIncludes index. | ||
| 650 |
_aParkinson's disease _xPopular works. |
||
| 942 | _cBOOK | ||